|
|
|
|
| LEADER |
01012nam a2200313 4500 |
| 001 |
000015697 |
| 003 |
12080 |
| 005 |
20120531140524.0 |
| 008 |
120531s1993 viesd |
| 020 |
|
|
|c 5000đ
|
| 041 |
0 |
|
|a vie
|
| 082 |
|
|
|a 371.3
|b NG-D
|
| 100 |
0 |
|
|a Nguyễn Dược
|
| 245 |
|
0 |
|a Dẫn luận dạy học địa lý
|c Nguyễn Dược, Nguyễn Trọng Phúc
|
| 260 |
|
|
|a H.
|b Giáo dục
|c 1993
|
| 300 |
|
|
|a 160 tr.
|c 21 cm
|
| 653 |
|
|
|a Dẫn luận dạy học
|
| 653 |
|
|
|a Địa lý
|
| 700 |
|
|
|a Nguyễn Trọng Phúc
|e Tác giả
|
| OWN |
|
|
|a LSP
|
| AVA |
|
|
|a UDN50
|b LSP
|d 371.3 NG-D
|e available
|t Error 5001 Not defined in file expand_doc_bib_avail.
|f 2
|g 0
|h N
|i 0
|k 1
|
| 999 |
|
|
|a From the UDN01
|
| AVA |
|
|
|a UDN50
|b LSP
|d 371.3 NG-D
|e available
|t Error 5001 Not defined in file expand_doc_bib_avail.
|f 2
|g 0
|h N
|i 0
|k 1
|
| TYP |
|
|
|a Monograph
|
| TYP |
|
|
|a Printed language
|
| 980 |
|
|
|a Mạng thư viện Đại học Đà Nẵng
|